<?xml version="1.0" encoding="UTF-8"?>
<record
    xmlns:xsi="http://www.w3.org/2001/XMLSchema-instance"
    xsi:schemaLocation="http://www.loc.gov/MARC21/slim http://www.loc.gov/standards/marcxml/schema/MARC21slim.xsd"
    xmlns="http://www.loc.gov/MARC21/slim">

  <leader>04001cam a22004334a 4500</leader>
  <controlfield tag="001">15028664</controlfield>
  <controlfield tag="003">OSt</controlfield>
  <controlfield tag="005">20231102090246.0</controlfield>
  <controlfield tag="008">070928s2009    paua     b    001 0 eng  </controlfield>
  <datafield tag="010" ind1=" " ind2=" ">
    <subfield code="a">  2007040471</subfield>
  </datafield>
  <datafield tag="016" ind1="7" ind2=" ">
    <subfield code="a">101317510</subfield>
    <subfield code="2">DNLM</subfield>
  </datafield>
  <datafield tag="020" ind1=" " ind2=" ">
    <subfield code="a">0781732697 (hard cover)</subfield>
  </datafield>
  <datafield tag="035" ind1=" " ind2=" ">
    <subfield code="a">(OCoLC)ocn173659630</subfield>
  </datafield>
  <datafield tag="035" ind1=" " ind2=" ">
    <subfield code="a">(OCoLC)173659630</subfield>
    <subfield code="z">(OCoLC)154704019</subfield>
  </datafield>
  <datafield tag="040" ind1=" " ind2=" ">
    <subfield code="a">WIUC - GH</subfield>
    <subfield code="c">WIUC - GH</subfield>
    <subfield code="d">NLM</subfield>
    <subfield code="d">BTCTA</subfield>
    <subfield code="d">BAKER</subfield>
    <subfield code="d">YDXCP</subfield>
    <subfield code="d">C#P</subfield>
    <subfield code="d">DLC</subfield>
  </datafield>
  <datafield tag="042" ind1=" " ind2=" ">
    <subfield code="a">pcc</subfield>
  </datafield>
  <datafield tag="050" ind1="0" ind2="0">
    <subfield code="a">RM125</subfield>
    <subfield code="b">.N83 2002</subfield>
  </datafield>
  <datafield tag="060" ind1="1" ind2="0">
    <subfield code="a">WB 330</subfield>
    <subfield code="b">A813d 2009</subfield>
  </datafield>
  <datafield tag="082" ind1="0" ind2="0">
    <subfield code="a">615.5/8</subfield>
    <subfield code="2">22</subfield>
  </datafield>
  <datafield tag="100" ind1="1" ind2=" ">
    <subfield code="a">Aschenbrenner, Diane S.</subfield>
    <subfield code="9">2658</subfield>
  </datafield>
  <datafield tag="245" ind1="1" ind2="0">
    <subfield code="a">Drug therapy in nursing /</subfield>
    <subfield code="c">Diane S. Aschenbrenner, Leah Wilder Cleveland, Samantha J. Venable.</subfield>
  </datafield>
  <datafield tag="260" ind1=" " ind2=" ">
    <subfield code="a">Philadelphia :</subfield>
    <subfield code="b">Lippincott Williams &amp; Wilkins,</subfield>
    <subfield code="c">c2002</subfield>
  </datafield>
  <datafield tag="300" ind1=" " ind2=" ">
    <subfield code="a">xx, 1210 p. :</subfield>
    <subfield code="b">col. ill. ;</subfield>
    <subfield code="c">29 cm. +</subfield>
  </datafield>
  <datafield tag="504" ind1=" " ind2=" ">
    <subfield code="a">Includes bibliographical references and index.</subfield>
  </datafield>
  <datafield tag="505" ind1=" " ind2=" ">
    <subfield code="a">Contents: Nursing management in drug therapy -- Pharmaceuticals: development, safeguards, and delivery -- Drug preparations and administration -- Pharmacotherapeutics and pharmacokinetics -- Pharmacodynamics -- Adverse effects and drug interactions -- Life span: children -- Life span: pregnant or breast-feeding women -- Life span: older adults -- Lifestyle:substance abuse -- Lifestyle, diet, and habits: nutritional considerations -- Environment: influences on drug therapy -- Culture: considerations in drug therapy -- Drugs affecting adrenergic function -- Drugs affecting cholinergic function -- Drugs producing anesthesia and neuromuscular blocking -- Drugs that are sedatives, hypnotics and anxiolytics -- Drugs for treating mood disorders -- Drugs for teating thought disorders -- Drugs for treating seizure disorders -- Drugs affecting muscle spasm and spasticity -- Drugs for treating parkinson disease and other movement disorders -- Drugs that stimulate the central nervous system -- Drugs that are narcotic analgesics -- Drugs for treating fever and inflammation -- Drugs for treating arthritis and gout -- Drugs for treating congestive heart failure --Drugs used to treat angina -- Drugs affecting cardiac output and rhythm --Drugs affecting blood pressure -- Drugs affecting diuresis -- Drugs affecting coagulation -- Drugs for modifying biologic response -- Drugs affecting lipid level -- Drugs affecting the upper respiratory system -- Drugs affecting lower respiratory system -- Drugs for treating the upper gastrointestinal tract -- Drugs for treating lower gastrointestinal tract -- Drugs affecting pituitary, thyroid, parathyroid, and hypothalamic function -- Drugs affecting hormone levels: corticosteroids and their antagonists -- Drugs affecting blood glucose levels -- Drugs affecting men's health and sexuality -- Drugs affecting women's health and sexuality -- Drugs affecting uterine motility -- Cell cycle-specific drugs -- Cell cycle-nonspecific drugs -- Principles of antimicrobial therapy -- Antibiotics affecting the bacterial cell wall -- Antibiotics affecting protein synthesis -- Miscellaneous antibiotics -- Drugs for treating urinary tract infections -- Drugs for treating mycobacterial infections -- Drugs for treating viral and fungal diseases -- Drugs for treating HIV and AIDS -- Drugs for treating parasites</subfield>
  </datafield>
  <datafield tag="650" ind1=" " ind2="0">
    <subfield code="a">Chemotherapy.</subfield>
    <subfield code="9">1199</subfield>
  </datafield>
  <datafield tag="650" ind1=" " ind2="0">
    <subfield code="a">Pharmacology.</subfield>
    <subfield code="9">1249</subfield>
  </datafield>
  <datafield tag="650" ind1=" " ind2="0">
    <subfield code="a">Nursing.</subfield>
    <subfield code="9">102</subfield>
  </datafield>
  <datafield tag="650" ind1="1" ind2="2">
    <subfield code="a">Drug Therapy</subfield>
    <subfield code="v">Nurses' Instruction.</subfield>
    <subfield code="9">1202</subfield>
  </datafield>
  <datafield tag="650" ind1="2" ind2="2">
    <subfield code="a">Pharmaceutical Preparations</subfield>
    <subfield code="v">Nurses' Instruction.</subfield>
    <subfield code="9">1201</subfield>
  </datafield>
  <datafield tag="650" ind1="2" ind2="2">
    <subfield code="a">Pharmacology</subfield>
    <subfield code="v">Nurses' Instruction.</subfield>
    <subfield code="9">1247</subfield>
  </datafield>
  <datafield tag="700" ind1="1" ind2=" ">
    <subfield code="a">Venable, Samantha J.</subfield>
    <subfield code="9">2659</subfield>
  </datafield>
  <datafield tag="700" ind1="1" ind2=" ">
    <subfield code="a">Cleveland,Leah Wilder</subfield>
    <subfield code="9">2660</subfield>
  </datafield>
  <datafield tag="856" ind1="4" ind2="2">
    <subfield code="3">Publisher description</subfield>
    <subfield code="u">http://www.loc.gov/catdir/enhancements/fy0801/2007040471-d.html</subfield>
  </datafield>
  <datafield tag="856" ind1="4" ind2="1">
    <subfield code="3">Table of contents only</subfield>
    <subfield code="u">http://www.loc.gov/catdir/enhancements/fy0828/2007040471-t.html</subfield>
  </datafield>
  <datafield tag="906" ind1=" " ind2=" ">
    <subfield code="a">7</subfield>
    <subfield code="b">cbc</subfield>
    <subfield code="c">orignew</subfield>
    <subfield code="d">1</subfield>
    <subfield code="e">ecip</subfield>
    <subfield code="f">20</subfield>
    <subfield code="g">y-gencatlg</subfield>
  </datafield>
  <datafield tag="942" ind1=" " ind2=" ">
    <subfield code="2">lcc</subfield>
    <subfield code="c">BK</subfield>
  </datafield>
  <datafield tag="999" ind1=" " ind2=" ">
    <subfield code="c">10156</subfield>
    <subfield code="d">17656</subfield>
  </datafield>
  <datafield tag="952" ind1=" " ind2=" ">
    <subfield code="0">0</subfield>
    <subfield code="1">0</subfield>
    <subfield code="2">lcc</subfield>
    <subfield code="4">0</subfield>
    <subfield code="7">0</subfield>
    <subfield code="a">WIUC-KL</subfield>
    <subfield code="b">WIUC-KL</subfield>
    <subfield code="c">NURS L.</subfield>
    <subfield code="d">2019-11-29</subfield>
    <subfield code="l">0</subfield>
    <subfield code="o">RM125.N83</subfield>
    <subfield code="p">KSN/921/921/19</subfield>
    <subfield code="r">2023-11-01 00:00:00</subfield>
    <subfield code="w">2023-11-01</subfield>
    <subfield code="y">BK</subfield>
  </datafield>
</record>
